| 000 | 00761nam a2200205Ia 4500 | ||
|---|---|---|---|
| 003 | GCL | ||
| 008 | 140319s9999 xx 000 0 ara d | ||
| 040 |
_aGCL / _cGCL |
||
| 082 | 0 | 4 |
_aم _b926.1 _bا ع |
| 100 | 1 | _aاحمد ابن ابى اصيبعة، احمد بن القاسم بن خليفة، 1200- 1270 م | |
| 245 | 1 | 0 |
_aعيون الانباء فى طبقات الاطباء / _cاحمد ابن ابى اصيبعة، احمد بن القاسم بن خليفة، 1200- 1270 م |
| 250 | _aالثالثة | ||
| 260 |
_aبيروت : _bدار الثقافة ، _c1981 |
||
| 300 |
_a2 مج فى 1 ؛ _c24 سم |
||
| 650 | 0 | 4 | _aالطب |
| 650 | 0 | 4 | _aالعالم القديم |
| 650 | 0 | 4 | _aاليونان |
| 650 | 0 | 4 | _aالاطباء |
| 942 |
_2ddc _cREF |
||
| 999 |
_c59370 _d59370 |
||